[Event "Orbis-2 GM 2019"]
[Site "Paracin"]
[Date "2019.07.13"]
[Round "1.1"]
[White "Eswaran, Ashritha"]
[Black "Lim, Zhuo Ren"]
[Result "1/2-1/2"]
[WhiteElo "2257"]
[BlackElo "2217"]
[Annotator "NA"]
[PlyCount "107"]
[EventDate "2019.07.13"]
[EventType "tourn"]
[EventCountry "SRB"]
[SourceTitle "playchess.com"]
[Source "ChessBase"]
[SourceQuality "1"]
[TimeControl "40/5400+30:1800+30"]

1. e4 c5 2. Nf3 d6 3. d4 cxd4 4. Nxd4 Nf6 5. Nc3 a6 6. Be3 e5 7. Nf3 Be7 8. Bc4 O-O 9. O-O Be6 10. Bb3 b5 11. Nd5 Nxd5 12. Bxd5 Bxd5 13. Qxd5 Nd7 14. Rfd1 Qc7 15. c3 h6 16. Qd3 Qc6 17. a4 bxa4 18. Qc2 Rfb8 19. Nd2 Nf6 20. Rdb1 Rb4 21. Qd1 Rb5 22. Qxa4 Qb7 23. c4 Rb4 24. Qc2 Ng4 25. Nf1 Rb8 26. Ra2 Bd8 27. h3 Nf6 28. Ng3 Rc8 29. Ra4 Rxa4 30. Qxa4 Nxe4 31. Nxe4 Qxe4 32. Qe8+ Kh7 33. Rc1 Qb7 34. Qa4 a5 35. Rc2 Qc6 36. Qa3 Qe4 37. Rc3 Rxc4 38. Rxc4 Qxc4 39. Qxd6 Bc7 40. Qd7 a4 41. g3 g6 42. h4 h5 43. Qe7 Kg7 44. Bc5 Bb8 45. Qf8+ Kh7 46. Be3 Qc7 47. Bg5 Ba7 48. Qh6+ Kg8 49. Bf6 Bxf2+ 50. Kf1 Qc4+ 51. Kxf2 Qc2+ 52. Kg1 Qb1+ 53. Kg2 Qe4+ 54. Kg1 1/2-1/2

[Event "Orbis-2 GM 2019"]
[Site "Paracin"]
[Date "2019.07.13"]
[Round "1.2"]
[White "Audi Ameya"]
[Black "Nie, Xinyang"]
[Result "1-0"]
[WhiteElo "2328"]
[BlackElo "2375"]
[Annotator "NA"]
[PlyCount "57"]
[EventDate "2019.07.13"]
[EventType "tourn"]
[EventCountry "SRB"]
[SourceTitle "playchess.com"]
[Source "ChessBase"]
[SourceQuality "1"]
[TimeControl "40/5400+30:1800+30"]

1. e4 {[%emt 0:00:00]} c6 {[%emt 0:00:00]} 2. d4 {[%emt 0:00:16]} d5 {[%emt 0:00:00]} 3. exd5 {[%emt 0:00:12]} cxd5 {[%emt 0:00:00]} 4. Nf3 {[%emt 0:00:08]} Nf6 {[%emt 0:00:08]} 5. Ne5 {[%emt 0:00:53]} Nbd7 {[%emt 0:01:41]} 6. Bd3 {[%emt 0:02:00]} g6 {[%emt 0:00:57]} 7. O-O {[%emt 0:01:17]} Bg7 {[%emt 0:00:10]} 8. Re1 {[%emt 0:01:39]} O-O {[%emt 0:02:38]} 9. Nf3 {[%emt 0:00:07]} e5 {[%emt 0:03:44]} 10. dxe5 {[%emt 0:12:18]} Ng4 {[%emt 0:00:04]} 11. Bf4 {[%emt 0:00:42]} Qb6 {[%emt 0:01:06]} 12. Qd2 {[%emt 0:00:39]} Qxb2 {[%emt 0:02:24]} 13. Nc3 {[%emt 0:00:23]} Ngxe5 {[%emt 0:03:33]} 14. Nxe5 {[%emt 0:19:15]} Nxe5 {[%emt 0:00:04]} 15. Nxd5 {[%emt 0:00:07]} Nxd3 {[%emt 0:02:57]} 16. Qxd3 {[%emt 0:00:03]} Be6 {[%emt 0:01:21]} 17. Rab1 {[%emt 0:24:13]} Qxa2 {[%emt 0:00:55]} 18. Ne7+ {[%emt 0:00:03]} Kh8 {[%emt 0:00:05]} 19. Rxb7 {[%emt 0:00:06]} Rfe8 {[%emt 0:15:14]} 20. Qe3 {[%emt 0:13:47]} Qa5 {[%emt 0:01:10]} 21. h4 {[%emt 0:01:21]} Qc3 {[%emt 0:05:00]} 22. Qc1 {[%emt 0:06:04]} a5 {[%emt 0:01:48]} 23. h5 {[%emt 0:02:20]} gxh5 {[%emt 0:01:23]} 24. Bd6 {[%emt 0:04:05]} a4 {[%emt 0:01:09]} 25. Ba3 {[%emt 0:00:18]} Reb8 {[%emt 0:04:09]} 26. Bb2 {[%emt 0:00:39]} Rxb7 {[%emt 0:00:04]} 27. Bxc3 {[%emt 0:00:03]} Bxc3 {[%emt 0:00:04]} 28. Qa3 {[%emt 0:02:06]} Bxe1 {[%emt 0:04:35]} 29. Qa1+ {[%emt 0:00:06]} 1-0

[Event "Orbis-2 GM 2019"]
[Site "Paracin"]
[Date "2019.07.13"]
[Round "1.3"]
[White "Lee, Jun Hyeok"]
[Black "Kosic, Dragan"]
[Result "1-0"]
[WhiteElo "2383"]
[BlackElo "2482"]
[Annotator "ChessBase"]
[PlyCount "47"]
[EventDate "2019.07.13"]
[EventType "tourn"]
[EventCountry "SRB"]
[SourceTitle "playchess.com"]
[Source "ChessBase"]
[SourceQuality "1"]
[TimeControl "40/5400+30:1800+30"]

1. d4 e6 2. Nf3 Nf6 3. e3 b6 4. Bd3 Bb7 5. O-O d5 6. b3 Bd6 7. Bb2 c5 8. Nbd2 O-O 9. Qe2 cxd4 10. exd4 Nc6 11. a3 Rc8 12. Ne5 Ne7 13. f4 Rc7 14. c4 Qa8 15. Rae1 a6 16. g4 dxc4 17. bxc4 Ng6 18. g5 Bxe5 19. fxe5 Nd7 20. Qh5 Rd8 21. Rxf7 Ndxe5 22. Rxc7 Nxd3 23. d5 Nxb2 24. Ne4 1-0

[Event "Orbis-2 GM 2019"]
[Site "Paracin"]
[Date "2019.07.13"]
[Round "1.4"]
[White "Djordjevic, Vuk"]
[Black "Savic, Miodrag R"]
[Result "0-1"]
[WhiteElo "2412"]
[BlackElo "2503"]
[Annotator "ChessBase"]
[PlyCount "62"]
[EventDate "2019.07.13"]
[EventType "tourn"]
[EventCountry "SRB"]
[SourceTitle "playchess.com"]
[Source "ChessBase"]
[SourceQuality "1"]
[TimeControl "40/5400+30:1800+30"]

1. d4 {[%emt 0:00:00]} d5 {[%emt 0:00:00]} 2. c4 {[%emt 0:00:43]} e6 {[%emt 0:00:00]} 3. Nf3 {[%emt 0:00:08]} Nf6 {[%emt 0:00:35]} 4. Nc3 {[%emt 0:00:16]} Bb4 {[%emt 0:00:17]} 5. cxd5 {[%emt 0:01:22]} exd5 {[%emt 0:00:59]} 6. Bg5 {[%emt 0:01:38]} O-O {[%emt 0:00:54]} 7. Qb3 {[%emt 0:03:41]} Bxc3+ {[%emt 0:15:08]} 8. bxc3 {[%emt 0:03:47]} Nbd7 {[%emt 0:02:59]} 9. e3 {[%emt 0:03:37]} c5 {[%emt 0:03:37]} 10. Ne5 {[%emt 0:10:43]} cxd4 {[%emt 0:06:18]} 11. Nxd7 {[%emt 0:00:41]} Bxd7 {[%emt 0:00:39]} 12. Bxf6 {[%emt 0:00:57]} gxf6 {[%emt 0:19:50]} 13. exd4 {[%emt 0:04:05]} Re8+ {[%emt 0:01:35]} 14. Kd2 {[%emt 0:01:08]} Bf5 {[%emt 0:07:04]} 15. Be2 {[%emt 0:20:15]} Re6 {[%emt 0:09:51]} 16. Bf3 {[%emt 0:14:52]} Rb6 {[%emt 0:01:51]} 17. Qa3 {[%emt 0:03:44]} Ra6 {[%emt 0:11:30]} 18. Qb4 {[%emt 0:09:16]} Rb6 {[%emt 0:00:36]} 19. Qa3 {[%emt 0:00:31]} Qc7 {[%emt 0:02:09]} 20. g3 {[%emt 0:04:46]} Qc6 {[%emt 0:03:21]} 21. Rhe1 {[%emt 0:01:36]} Qb5 {[%emt 0:00:41]} 22. Re3 {[%emt 0:00:52]} Rc8 {[%emt 0:02:22]} 23. Ke1 {[%emt 0:02:28]} Re8 {[%emt 0:01:28]} 24. Rxe8+ {[%emt 0:02:00]} Qxe8+ {[%emt 0:00:01]} 25. Kf1 {[%emt 0:00:49]} Bh3+ {[%emt 0:03:14]} 26. Kg1 {[%emt 0:00:08]} Qb5 {[%emt 0:00:12]} 27. Qc1 {[%emt 0:01:47]} Kg7 {[%emt 0:01:35]} 28. Qd2 {[%emt 0:02:11]} Re6 {[%emt 0:00:01]} 29. Re1 {[%emt 0:02:03]} Qd3 {[%emt 0:00:36]} 30. Qxd3 {[%emt 0:01:10]} Rxe1+ {[%emt 0:00:05]} 31. Qf1 {[%emt 0:00:02]} Rxf1# {[%emt 0:00:17]} 0-1

[Event "Orbis-2 GM 2019"]
[Site "Paracin"]
[Date "2019.07.13"]
[Round "1.5"]
[White "Peng, Xiongjian"]
[Black "Lorparizangeneh, Shahin"]
[Result "1-0"]
[WhiteElo "2467"]
[BlackElo "2494"]
[Annotator "TA"]
[PlyCount "57"]
[EventDate "2019.07.13"]
[EventType "tourn"]
[EventCountry "SRB"]
[SourceTitle "playchess.com"]
[Source "ChessBase"]
[SourceQuality "1"]

{[%evp 20,165,11,30,8,13,0,13,8,2,10,-4,0,19,25,24,82,27,24,20,27,32,25,17,8,0,0,-14,-14,-31,-25,-29,-28,-37,-28,-130,-124,-139,-82,-135,-135,-127,-120,-122,-119,-118,-64,-62,-66,-89,-47,-48,-47,-48,-48,-54,-56,-56,0,-35,-22,-22,-19,-19,0,-22,-20,-25,-25,-26,-14,-14,-14,-14,-14,-14,0,0,0,-19,-14,-14,-14,-14,-14,-14,-14,-19,-19,-19,0,-19,-19,-19,0,0,0,0,0,0,0,0,0,0,0,0,0,0,0,0,0,0,0,0,0,0,0,0,0,0,0,0,0,0,0,0,0,0,0,0,0,0,0,0,0,0,0,0,0,0,0,0,0,0,0,0,29981,29982]} 1. d4 d5 2. c4 c6 3. Nf3 Nf6 4. Nc3 e6 5. Bg5 Nbd7 6. e3 Qa5 7. Nd2 Bb4 8. Qc2 O-O 9. Be2 e5 10. O-O exd4 11. Nb3 Qb6 {D52: Queen's Gambit Declined: Cambridge Springs Variation} (11... Qc7 12. Nxd4 dxc4 13. Bxc4 Bd6 14. h3 Be5 {½-½ (14) Moradiabadi,E (2538)-Vitiugov,N (2734) Helsingor 2018}) 12. exd4 dxc4 13. Bxc4 a5 {The position is equal.} 14. a3 Bd6 15. Rad1 a4 16. Nd2 Qc7 17. h3 $146 ({Predecessor:} 17. Nf3 Ra5 18. h3 h6 19. Bd2 {0-1 (35) Feller,S (2478)-Balazs,G (2305) Sibenik 2007}) 17... Bh2+ 18. Kh1 {[#] Strongly threatening f4.} Bf4 19. Bh4 Nd5 20. Nde4 N7b6 21. Ba2 Kh8 22. Nc5 {[%cal Rc3a4]} Qd6 23. Bg3 (23. Nxd5 {with more complications.} Nxd5 24. Kg1 Bh2+ 25. Kh1 Bf4) 23... Bxg3 24. Nxd5 Nxd5 25. Bxd5 Qxd5 26. fxg3 Bxh3 $1 27. Rf4 (27. Nxb7 $11 {keeps the balance.} Rae8 28. Kg1) 27... b6 $17 28. Kh2 Bxg2 ({Of course not} 28... bxc5 $6 29. gxh3 c4 30. Rf5 $11) ({Black should try} 28... g5 29. Rf6 Bg4 30. Nxa4 Bxd1 31. Qxd1 Qb5) 29. Nxa4 {Played: Rf4-h4} 1-0

[Event "Orbis-2 GM 2019"]
[Site "Paracin"]
[Date "2019.07.14"]
[Round "2.5"]
[White "Eswaran, Ashritha"]
[Black "Audi Ameya"]
[Result "0-1"]
[WhiteElo "2257"]
[BlackElo "2328"]
[Annotator "ChessBase"]
[PlyCount "76"]
[EventDate "2019.07.13"]
[EventType "tourn"]
[EventCountry "SRB"]
[SourceTitle "playchess.com"]
[Source "ChessBase"]
[SourceQuality "1"]
[TimeControl "40/5400+30:1800+30"]

1. e4 c5 {[%emt 0:04:00]} 2. Nf3 {[%emt 0:00:00]} e6 {[%emt 0:00:04]} 3. d4 {[%emt 0:00:14]} cxd4 {[%emt 0:00:03]} 4. Nxd4 {[%emt 0:00:10]} Nc6 {[%emt 0:00:02]} 5. Nc3 {[%emt 0:00:12]} Qc7 {[%emt 0:00:03]} 6. Be3 {[%emt 0:00:12]} a6 {[%emt 0:00:40]} 7. Qf3 {[%emt 0:00:27]} d6 {[%emt 0:00:34]} 8. O-O-O {[%emt 0:00:49]} Bd7 {[%emt 0:00:55]} 9. Qg3 {[%emt 0:00:27]} Nf6 {[%emt 0:02:41]} 10. Kb1 {[%emt 0:01:33]} Rc8 {[%emt 0:03:20]} 11. Bd3 {[%emt 0:11:50]} Ne5 {[%emt 0:37:11]} 12. f4 {[%emt 0:11:04]} Nc4 {[%emt 0:03:33]} 13. Bxc4 {[%emt 0:06:04]} Qxc4 {[%emt 0:00:03]} 14. e5 {[%emt 0:00:35]} dxe5 {[%emt 0:07:33]} 15. fxe5 {[%emt 0:00:39]} Nd5 {[%emt 0:00:02]} 16. Nxd5 {[%emt 0:00:51]} exd5 {[%emt 0:00:02]} 17. Rhf1 {[%emt 0:05:32]} Be6 {[%emt 0:06:38]} 18. Rf2 {[%emt 0:07:11]} g6 {[%emt 0:08:27]} 19. Qf3 {[%emt 0:15:27]} Be7 {[%emt 0:04:48]} 20. g3 {[%emt 0:08:07]} Kd7 {[%emt 0:03:09]} 21. Rd3 {[%emt 0:02:15]} Rhf8 {[%emt 0:05:44]} 22. b3 {[%emt 0:07:16]} Qb4 {[%emt 0:00:15]} 23. Qd1 {[%emt 0:06:25]} Rc3 {[%emt 0:02:25]} 24. a3 {[%emt 0:05:31]} Rxd3 {[%emt 0:01:44]} 25. Qxd3 {[%emt 0:01:10]} Qxa3 {[%emt 0:00:02]} 26. c3 {[%emt 0:01:53]} Qa5 {[%emt 0:01:41]} 27. Rc2 {[%emt 0:00:56]} Rc8 {[%emt 0:01:48]} 28. h4 {[%emt 0:01:02]} Qc7 {[%emt 0:02:47]} 29. Bf4 {[%emt 0:00:35]} Qb6 {[%emt 0:01:09]} 30. Kc1 {[%emt 0:01:23]} Bc5 {[%emt 0:01:17]} 31. Be3 {[%emt 0:01:49]} Bxd4 {[%emt 0:01:29]} 32. Bxd4 {[%emt 0:00:06]} Qxb3 {[%emt 0:00:04]} 33. Rb2 {[%emt 0:00:28]} Qa3 {[%emt 0:00:04]} 34. Qf3 {[%emt 0:00:04]} Rc4 {[%emt 0:01:50]} 35. Qf6 {[%emt 0:01:25]} Qa1+ {[%emt 0:00:47]} 36. Rb1 {[%emt 0:00:28]} Rxc3+ {[%emt 0:00:26]} 37. Kd2 {[%emt 0:00:06]} Qxb1 {[%emt 0:00:36]} 38. Bxc3 {[%emt 0:00:05]} Qa2+ {[%emt 0:00:22]} 0-1

[Event "Orbis-2 GM 2019"]
[Site "Paracin"]
[Date "2019.07.15"]
[Round "4.4"]
[White "Eswaran, Ashritha"]
[Black "Djordjevic, Vuk"]
[Result "1-0"]
[WhiteElo "2257"]
[BlackElo "2412"]
[Annotator "TA"]
[PlyCount "165"]
[EventDate "2019.07.13"]
[EventType "tourn"]
[EventCountry "SRB"]
[SourceTitle "playchess.com"]
[Source "ChessBase"]
[SourceQuality "1"]

{[%evp 19,165,7,0,-16,-25,-14,0,-18,26,-20,16,0,0,-22,52,0,8,-14,39,31,77,14,54,6,37,39,50,20,35,42,41,20,22,24,102,61,46,57,65,0,0,0,0,0,41,19,21,29,19,19,22,-6,12,12,13,10,10,10,9,8,191,191,191,191,191,191,191,191,191,191,191,179,179,179,188,166,166,166,166,166,166,159,159,159,159,159,159,159,159,159,159,159,159,159,159,24,24,24,128,24,109,109,109,109,109,109,184,184,248,248,248,248,248,248,248,134,162,134,134,134,134,93,111,93,226,54,74,74,248,248,249,249,249,249,249,249,4141,268,4141,4141,4141,4141,4141,4141,1881,382,4141,4141]} 1. e4 c5 2. Nf3 d6 3. d4 cxd4 4. Nxd4 Nf6 5. Nc3 g6 6. g3 Bg7 7. Bg2 O-O 8. O-O Nc6 9. Nde2 Rb8 10. a4 a6 11. b3 {B70: Sicilian Dragon: 6 g3 and 6 Be2 (without a later Be3)} b5 12. Rb1 $146 ({Predecessor:} 12. axb5 axb5 13. Bb2 Nd7 14. Qd2 Nc5 15. Nd1 b4 16. Bxg7 Kxg7 17. Ne3 Ba6 18. Rfd1 Bxe2 19. Qxe2 {1-0 (52) Popovic,P (2575)-Ostojic,N (2450) Niksic 1996}) 12... Nd7 13. Be3 {The position is equal.} Qa5 14. Qd2 Nde5 15. f3 bxa4 16. Nxa4 Qc7 (16... Qxd2 $11 17. Bxd2 a5) 17. Nf4 e6 18. Rfd1 Rd8 (18... Bd7 $1 $11) 19. Qf2 $14 Qe7 20. c4 ({White should play} 20. Bb6 $16) 20... Nd7 21. Bf1 a5 22. Ne2 Nb4 23. Nd4 Ba6 24. Nc3 Ne5 25. Ndb5 Bxb5 26. Nxb5 Nec6 (26... d5 $11) 27. Rd2 d5 $1 28. exd5 exd5 29. Rbd1 (29. Bb6 $14) 29... dxc4 $1 $11 30. Bxc4 Ne5 31. Be2 Ned3 32. Rxd3 Nxd3 33. Rxd3 Rxd3 34. Bxd3 {Threatens to win with Bc4.} Qb4 $1 35. Nd4 {And now Nc6 would win.} Re8 36. Bc4 {Black must now prevent Nb5.} Qc3 37. Nc2 {Threatening Qd2.} a4 $1 {[%cal Ra4b3]} 38. Qd2 $1 {[%cal Rd2c3] Hoping for Qxc3.} a3 39. Qd7 {[%mdl 64] Double Attack} Rf8 $2 (39... Ra8 $1 $11 {and Black has nothing to worry.} 40. Qxf7+ Kh8) 40. Bc5 $1 $18 {[%cal Rc5f8][%mdl 64] Double Attack} Qxf3 41. Bxf8 Bxf8 42. Qd5 $1 {[%cal Rd5f3]} Qxd5 43. Bxd5 a2 44. b4 Bxb4 45. Bxa2 Bc5+ 46. Kg2 Kg7 47. Kf3 f5 48. Ne3 Kf6 49. Bb1 Bd6 50. h4 Bb8 51. Bd3 Bd6 52. Nd5+ Kg7 53. Nf4 Kf6 54. Nh3 Kg7 55. Bc4 Ba3 56. Ng5 Bb4 57. h5 (57. Bb3 $16) 57... gxh5 $11 58. Ne6+ Kh6 (58... Kf6 $11) 59. Nf4 (59. Kg2 $16) 59... Bd2 (59... Kg5 $1 $11 {remains equal.} 60. Ng2 Ba3) 60. Ng2 $16 Kg5 61. Bf7 Ba5 62. Be8 {Nf4 is the strong threat.} Bb4 (62... Bb6 $16 {was necessary.} 63. Nf4 h4 64. Nh3+ Kh6 65. gxh4 Bd8) 63. Nf4 $1 $18 h4 (63... Bc3 {was worth a try.} 64. Nxh5 Be5) 64. Nh3+ $1 Kf6 65. gxh4 Bd2 66. h5 Bc1 67. Nf2 (67. Ba4 $18) 67... Ba3 68. Nd3 Bd6 69. Ke3 Kg5 70. Kd4 Bb8 71. Kd5 {Strongly threatening Nc5.} Kg4 (71... Bc7 $16 {is a better defense.} 72. Nc5 Kh4) 72. Bg6 $2 ({White must play} 72. Nc5 $1 $18) 72... Kg5 73. Bf7 {aiming for Nc5.} Kf6 $2 (73... Kg4 $16 {keeps fighting.} 74. Ne1 Bg3) 74. Be8 $1 Kg5 {[#]} 75. Nc5 $1 Ba7 {intending ...Bxc5.} 76. Ne6+ Kg4 {[#]} 77. Nf8 $1 {[%cal Rf8h7]} h6 $2 (77... f4 78. Nxh7 f3 79. Nf6+ Kg5 80. Ne4+ Kh6) 78. Nd7 $2 (78. Ke5 f4 79. Ke4) 78... Be3 $2 (78... Kg5 79. Bg6 Bf2) 79. Ke5 Kg5 80. Nf8 Bf4+ 81. Ke6 Bg3 82. Nh7+ Kh4 $2 (82... Kg4 83. Nf6+ Kg5) 83. Kxf5 {Accuracy: White = 52%, Black = 35%.} 1-0

[Event "Orbis-2 GM 2019"]
[Site "Paracin"]
[Date "2019.07.16"]
[Round "5.2"]
[White "Djordjevic, Vuk"]
[Black "Audi Ameya"]
[Result "0-1"]
[WhiteElo "2412"]
[BlackElo "2328"]
[Annotator "TA"]
[PlyCount "132"]
[EventDate "2019.07.13"]
[EventType "tourn"]
[EventCountry "SRB"]
[SourceTitle "playchess.com"]
[Source "ChessBase"]
[SourceQuality "1"]

{[%evp 13,132,8,16,0,0,0,0,0,1,0,0,0,21,16,13,0,21,6,16,15,18,2,4,0,12,16,26,0,0,0,17,-55,0,-64,0,-51,-61,-112,-56,-62,-50,-87,-66,-185,-67,-104,-102,-131,-130,-121,-95,-96,-112,-136,-68,-96,-68,-62,-67,-61,0,0,0,0,0,0,131,135,137,153,133,152,110,90,87,102,143,109,114,106,706,29,160,0,0,0,0,0,0,0,0,-7,18,18,23,0,0,-286,-286,-283,-279,-278,-269,-291,-291,-272,-274,-250,0,0,0,-141,0,0,0,-428,-388,-400,-361,-29973,-12269]} 1. e4 e6 2. d4 d5 3. Nc3 Bb4 4. e5 c5 5. a3 Bxc3+ 6. bxc3 Qa5 7. Bd2 Qa4 8. h4 {C18: French: 3 Nc3 Bb4: Main line: 7 h4 and 7 Qg4} (8. Rb1 c4 9. Ne2 Qxa3 10. g4 Nc6 11. Ng3 f6 12. f4 fxe5 13. fxe5 Nh6 14. g5 Nf5 15. Nxf5 exf5 {1-0 (54) Paravyan,D (2634)-Short,N (2646) Moscow 2018}) 8... Nc6 9. Nf3 Nge7 {[%cal Rc5d4]} 10. h5 {The position is equal.} h6 11. Rh4 c4 12. Rg4 Rg8 13. Rf4 Bd7 14. Nh4 Nf5 15. Nxf5 exf5 16. g3 Be6 $146 ({Predecessor:} 16... O-O-O) 17. Bh3 Ne7 $1 18. Rb1 O-O-O 19. Qc1 Kb8 20. Rb4 (20. Qb2 {with more complications.} Qd7 21. a4 g5 22. hxg6 Nxg6 23. Rf3) 20... Qd7 21. Rh4 Ka8 22. a4 (22. Bg2 $11) 22... Rc8 (22... Nc6 $15 23. Rb1 f6) 23. Qa1 (23. Bg2 $11) 23... Rc6 (23... Nc6 $15 24. Rb1 f6) 24. Rb2 ({White should play} 24. Bg2 $11) 24... Ra6 25. Ra2 {[#]} (25. a5 $15) 25... Ra5 (25... f4 $1 $17 {[%mdl 512]} 26. Bxe6 (26. Bxf4 Bxh3) 26... Rxe6 27. Bxf4 g5 28. hxg6 Nxg6) 26. Bc1 Rc8 27. Rf4 Re8 28. Kd2 (28. Rh4 $15) 28... Nc8 (28... g5 $19 29. hxg6 Nxg6) 29. Ba3 Rxa4 30. Bc5 Rxa2 31. Qxa2 g5 32. hxg6 fxg6 33. Rh4 h5 (33... Rh8 $1 $17 34. Bg2 g5) 34. Bg2 Qf7 35. f4 g5 36. Rh1 (36. fxg5 $2 Qg6 $19) 36... gxf4 ({Black should try} 36... Kb8 $15) 37. gxf4 $11 Qg7 38. Bf3 Qg3 {[%mdl 64] Double Attack} 39. Ke3 Rg8 {[#]} (39... Kb8 $11) 40. Bxa7 $1 $16 {[%mdl 512]} Rg4 (40... Nxa7 41. Ra1) 41. Bb6+ $1 Kb8 42. Qa5 {[%csl Ga5][%cal Rb6c7]} Qxf4+ {[#]} (42... Nxb6 $2 43. Qxb6 Qxf4+ 44. Ke2 $1 $18 {[%mdl 512]}) 43. Ke2 $1 {[%csl Ga5][%cal Rb6c7][%mdl 512]} Rg7 44. Bd8 {[%mdl 1024] White has strong compensation.} ({Much worse is} 44. Rxh5 $6 Qc1 $11) 44... Na7 45. Qc5 Nc8 46. Bh4 $1 Rg4 $2 {[%mdl 8192]} (46... Qh6 $16) 47. Bf2 $2 (47. Be7 $1 $18 {[%cal Re7d6] Bd6+ would kill now.} Bg8 48. Bd6+ Nxd6 49. Qxd6+ Kc8 50. Qf8+ Kd7 51. Rxh5) 47... h4 (47... Qg5 $1 $11 {remains equal.}) 48. Bxd5 $2 ({Better is} 48. Be3 $16 Qg3 49. Bf2) 48... Bxd5 $11 49. Qxd5 Qg5 $36 {[%mdl 2048] And now ...Re4+ would win. Black fights for an advantage.} 50. Qf3 Ne7 51. Be3 Qg8 52. Bf2 Nd5 53. Rxh4 Re4+ 54. Kf1 Ne3+ {[%mdl 64] Decoy} 55. Qxe3 $4 {[%mdl 8192]} (55. Bxe3 $11 {and White is okay.} Rxh4 56. Qxf5) 55... Rxe3 $19 56. Bxe3 $11 {[%mdl 4096] Endgame KQ-KRB} Qg3 $1 {[%csl LRe3,LRh4][%cal Rg3h4]} 57. Bf2 Qxc3 58. e6 Kc7 $1 59. d5 Kd6 ({Stronger than} 59... Qxc2 60. Rh7+ Kd8 61. Rh8+ Kc7 62. Rh7+ Kd8 63. Rh8+ Kc7 64. Rh7+ $11) 60. Rh7 {[#] Black must now prevent Rd7+.} Kxd5 $2 ({Weaker is} 60... Qxc2 61. Rd7+ Ke5 62. e7 $11) (60... f4 $1 $19 61. Rd7+ Ke5) 61. e7 Qe5 {aiming for ...Kc6.} 62. Rf7 {[#]} (62. Bh4 $1 $11) 62... Kc6 (62... Qe6 $1 $17 {[%cal Re6f7]} 63. Rxf5+ Ke4) 63. Bh4 $1 Qf4+ $2 {[%mdl 8192]} (63... c3 $11 64. Rf8 Qb5+ 65. Kf2 Qc5+ 66. Ke1 Qe3+ 67. Kf1 Qf3+ 68. Kg1 Qg4+ 69. Kf1 Qf4+ 70. Kg2 Qe4+ 71. Kf1 Qf3+ 72. Ke1 Qe3+ 73. Kf1 Qh3+ 74. Ke2 Qg2+ 75. Kd3 Qh3+ 76. Ke2 Qg4+ 77. Kd3 Qf3+ 78. Kd4 Qe4+ 79. Kxc3 Qe3+ 80. Kb4 Qe4+ 81. c4 Qb1+ 82. Ka5 Qa2+ 83. Kb4 Qb2+ 84. Ka4 b5+ 85. cxb5+ Qxb5+ 86. Ka3 Qc5+ 87. Kb3 Qb5+ 88. Ka3 Qd3+ 89. Kb4 Qe4+ 90. Kb3 Qe3+ 91. Kb4 Qe4+ 92. Kb3 Qe6+ 93. Kc3 Qe5+ 94. Kc2 Qe4+ 95. Kb3) 64. Kg2 $1 $19 Qg4+ 65. Kf1 Qd1+ 66. Kg2 $2 (66. Kf2 $19 Qxc2+ 67. Kg3 Qd3+ 68. Kf2 Qd4+ 69. Kf1 Qf4+ 70. Kg1 Qe3+ 71. Kf1 Qf3+ 72. Kg1 Qe3+ 73. Kf1 Qf4+ 74. Kg1 Qg4+ 75. Kf1 Qd1+ 76. Kf2 Qd4+ 77. Kf1 Qf4+) 66... Qd5+ {[%mdl 64] Double Attack. Accuracy: White = 46%, Black = 44%.} 0-1

[Event "Orbis-2 GM 2019"]
[Site "Paracin"]
[Date "2019.07.17"]
[Round "6.1"]
[White "Lim, Zhuo Ren"]
[Black "Kosic, Dragan"]
[Result "0-1"]
[WhiteElo "2217"]
[BlackElo "2482"]
[Annotator "TA"]
[PlyCount "70"]
[EventDate "2019.07.13"]
[EventType "tourn"]
[EventCountry "SRB"]
[SourceTitle "playchess.com"]
[Source "ChessBase"]
[SourceQuality "1"]

{[%evp 9,102,23,27,18,29,22,22,18,40,36,41,28,34,33,39,28,35,32,39,37,36,26,52,58,56,47,50,47,44,26,25,26,39,34,49,31,67,0,0,0,0,-18,0,-20,0,-30,-31,-27,-29,0,0,0,0,-43,-27,-29,-28,-81,-66,-96,-16,-62,-35,-170,-176,-172,-170,-331,-165,-543,-188,-5325,-584,-547,-87,-102,-102,-97,-104,-125,-125,-123,-73,-73,-74,-5085,-4993,-1955,-2161,-1372,-1296,-5073,-837,-29981,-29982]} 1. Nf3 c5 2. c4 Nf6 3. g3 Nc6 4. Nc3 e5 5. Bg2 d6 6. d3 {A34: Symmetrical English: 2 Nc3, lines with ...d5} h6 (6... Be7 7. Bg5 Ng8 8. Bd2 Nf6 9. Bg5 Ng8 10. Bd2 Nf6 11. O-O O-O 12. a3 h6 13. Ne1 Be6 {1-0 (41) Howell,D (2693)-Smith,A (2487) Astana 2019}) 7. O-O Be7 8. a3 {The position is equal.} Bd7 9. Ne1 Qc8 $146 ({Predecessor:} 9... g5 10. b4 Qc8 11. bxc5 dxc5 12. Nd5 Nxd5 13. cxd5 {½-½ (38) Milic,B-Grob,H Dortmund 1951}) 10. Nc2 Bh3 11. Ne3 h5 12. Bxh3 Qxh3 13. f3 O-O 14. Rb1 Bd8 15. Rf2 Nd4 16. Ned5 Nxd5 17. Nxd5 a6 18. b4 cxb4 19. Rxb4 b5 20. cxb5 {Black must now prevent b6.} Qe6 21. e4 axb5 22. Be3 Nf5 23. Rxb5 (23. Bb6 $1 $14) 23... Nxe3 $11 24. Nxe3 Rxa3 25. Nc4 Ra6 26. f4 h4 27. fxe5 (27. f5 $5 {[%cal Rf5e6]} Qh6 28. Rb8 $11) 27... dxe5 28. Rxe5 (28. Nxe5 $2 Bb6 $17) 28... Qh3 29. Qf1 $1 {[%cal Rf1h3]} Qd7 30. Rd5 Qe6 31. Rb5 hxg3 32. hxg3 Qg4 33. Kg2 (33. Rbf5 $11 {keeps the balance.}) 33... Bc7 $17 ({Much weaker is} 33... Rh6 $6 34. Ne3 $11) 34. e5 Qd7 (34... Rg6 $17 35. Rf3 Ra8) 35. Rbb2 Rh6 {Played: Qd7-d5} 0-1